INTERURBA : interaction between sewers, treatment plants and receiving waters in urban areas : proceedings of INTERURBA '92, the IAWPRC workshop on interactions between sewers, treatment plants and receiving waters in urban areas, held in Wageningen, The Netherlands, 6-10 April, 1992

Αποθηκεύτηκε σε:
Λεπτομέρειες βιβλιογραφικής εγγραφής
Συλλογικό Έργο: INTERURBA '92 Workshop on Interactions between Sewers, Treatment Plants and Receiving Waters in Urban Areas Wageningen, The Netherlands, International Association on Water Quality
Άλλοι συγγραφείς: Lijklema, L. (edtf), Tyson, J. M. (Επιμελητής έκδοσης), Le Souef, A. (Επιμελητής έκδοσης)
Μορφή: Πρακτικό Συνεδρίου Βιβλίο
Γλώσσα:English
Δημοσίευση: Oxfrod : Pergamon Press, c1993.
Θέματα:
Ετικέτες: Προσθήκη ετικέτας
Δεν υπάρχουν, Καταχωρήστε ετικέτα πρώτοι!

MARC

LEADER 00000cam a2200000 i 4500
001 1/101061
008 960404s1993 eng d
020 |a 0-08-042350-7 
035 |l 10011947 
040 |a GR-MY-UA  |b gre  |e aacr 
041 0 |a eng 
082 0 |a 628.212 
111 2 |a INTERURBA '92 Workshop on Interactions between Sewers, Treatment Plants and Receiving Waters in Urban Areas  |d (1992:  |c Wageningen, The Netherlands) 
245 1 0 |a INTERURBA :   |b interaction between sewers, treatment plants and receiving waters in urban areas : proceedings of INTERURBA '92, the IAWPRC workshop on interactions between sewers, treatment plants and receiving waters in urban areas, held in Wageningen, The Netherlands, 6-10 April, 1992 /   |c editors, L. Lijklema, J. M. Tyson, A. Le Souef; with the assistance of P. Harremoes, M. A. House and J. Marsalek.  
260 |a Oxfrod :   |b Pergamon Press,   |c c1993.  
300 |a 244 σ. :   |b σχ.  
500 |a Τεύχος του περιοδικού Water science and technology, Vol. 27 : No.12 (1993).  
650 0 0 |a Urban runoff  |x Congresses. 
650 0 0 |a Sewage  |x Purification  |x Congresses. 
650 0 0 |a Storm sewers  |x Congresses. 
700 1 |a Lijklema, L.  |e edtf 
700 1 |a Tyson, J. M.  |e edt 
700 1 |a Le Souef, A.  |e edt 
710 2 |a International Association on Water Quality. 
852 |a INST  |b LESVOS  |e 19960404  |h 628.212 INT  |p 005100010721  |q 005100010721  |t BK  |y 0 
901 |a BIBL1-2001-2 
909 |a Λ  |b 088068 
950 |a 148-1995-02-23 
970 |a ΤΖΑΦΕΡΗ  |b ΕΥΑΓΓΕΛΙΑ  |z 2001/06/22